Qui a peint ces natures mortes ? - Statistiques

Statistiques générales
  • Ce quiz a été pris 35 fois
  • Le résultat moyen est 10 sur 50
Statistiques - réponses
Par images Hint Réponse % Correct
1881-1973 Pablo Picasso
86%
1840-1926 Claude Monet
83%
1841-1919 Pierre Auguste Renoir
79%
1928-1987 Andy Warhol
72%
1832-1883 Edouard Manet
72%
1853-1890 Vincent Van Gogh
72%
1839-1906 Paul Cézanne
69%
1848-1894 Gustave Caillebotte
48%
1819-1877 Gustave Courbet
48%
1882-1963 Georges Braque
45%
1606-1669 Rembrandt
45%
1571-1610 Le Caravage
41%
1844-1910 Henri Rousseau
38%
1699-1779 Jean Siméon Chardin
38%
1848-1903 Paul Gauguin
38%
1746-1828 Francisco de Goya
14%
1887-1927 Juan Gris
14%
1880-1954 André Derain
10%
1598-1664 Francisco de Zurbaran
10%
1836-1904 Henri Fantin-Latour
10%
1844-1926 Mary Cassat
10%
1594-1682 Willem Claeszoon Heda
10%
1600-1658 François Garnier
7%
1686-1755 Jean-Baptiste Oudry
7%
1612-1663 Lubin Baugin
7%
1602-1674 Philippe de Champaigne
7%
1867-1947 Pierre Bonnard
7%
1596-1661 Pieter Claesz
7%
1879-1953 Francis Picabia
3%
1661-1743 François Desportes
3%
1579-1657 Frans Snyders
3%
1606-1684 Jan Davidszoon de Heem
3%
1636-1699 Jean-Baptiste Monnoyer
3%
1840-1916 Odilon Redon
3%
1508-1575 Pieter Aertsen
3%
1619-1693 Willem Kalf
3%
1665-1707 Adriaen Coorte
0%
1875-1947 Albert Marquet
0%
1830-1901 Alexandre Desgoffe
0%
1744-1818 Anne Vallayer-Coster
0%
1754-1843 Antoine Berjon
0%
1833-1900 Anton Vollon
0%
1862-1939 Henri Le Sidaner
0%
1860-1900 Isaac Levitan
0%
1600-1682 Jean-Michel Picart
0%
1614-1676 Juan de Arellano
0%
1716-1780 Luis Melendez
0%
1610-1682 Pierre Dupuis
0%
1597-1657 Sébastien Stoskopff
0%
1848-1892 William Michael Harnett
0%
Aucun quiz correspondant
Distribution des résultats
% des personnes avec chaque résultat
Percentile par nombre de réponses
Votre historique - résultats
Vous n’avez pas pris ce quiz